| 000 | 00639nam a2200193 4500 | ||
|---|---|---|---|
| 001 | 137073 | ||
| 003 | ES-MaACL | ||
| 005 | 20230906195313.0 | ||
| 007 | t| | ||
| 008 | 070214s1978 sp r ||||1| cat d | ||
| 100 | 1 |
_aSalvador, Carles. _9102067 |
|
| 245 | 1 | 0 |
_aGramatica valenciana / _cCarles Salvador ; introducció de Carles Salvador i Monferrer ; próleg de Francesc Pérez i Moragón. |
| 250 | _a7ª. ed. | ||
| 260 |
_aValencia : _bEliseu Climent, _c1978. |
||
| 300 |
_a207 p. ; _c22 cm. |
||
| 700 | 1 |
_aSalvador i Monferrer, Carles. _9102090 |
|
| 700 | 1 |
_aPérez Moragón, Francesc. _991039 |
|
| 852 |
_aES-MaACL _jA-9490 _bR.98535 |
||
| 999 |
_c137073 _d137073 |
||